[Event "20th European Teams Women"]
[Site "Reykjavik ISL"]
[Date "2015.11.22"]
[Round "9.6"]
[Board "2"]
[White "Matnadze, Ana"]
[Black "Pavlidou, Ekaterini"]
[Result "1-0"]
[WhiteTitle "IM"]
[BlackTitle "WIM"]
[WhiteElo "2353"]
[BlackElo "2235"]
[WhiteTeam "Spain"]
[BlackTeam "Greece"]
[WhiteFideId "13601377"]
[BlackFideId "4213262"]
[EventDate "2015.11.13"]

1. Nf3 Nf6 2. g3 e6 3. Bg2 d5 4. O-O Be7 5. d3 O-O 6. Nbd2 c5 7. e4 Nc6 8. Re1
Qc7 9. c3 b6 10. e5 Nd7 11. Qe2 Re8 12. Nf1 h6 13. h4 Bb7 14. N1h2 Rad8 15. Ng4
Bf8 16. Bf4 Qc8 17. Qd2 Kh7 18. Rac1 a5 19. d4 Qa8 20. Bf1 Ba6 21. Kg2 Ne7 22.
Bd3+ Bxd3 23. Qxd3+ Kg8 24. h5 cxd4 25. cxd4 Rc8 26. Qb5 Qb7 27. Bxh6 Rc4 28.
Bd2 Rec8 29. h6 Qc6 30. Qb3 gxh6 31. Nxh6+ Bxh6 32. Bxh6 Nf5 33. Bd2 Nf8 34. g4
Ne7 35. Qe3 Qb5 36. Bc3 Neg6 37. Rh1 Rxc3 38. Rxc3 Rxc3 39. bxc3 Qb2 40. Qd2 Qb5
41. Kg3 a4 42. Ne1 Ne7 43. Ng2 Nfg6 44. Ne3 Qd7 45. f4 b5 46. Rh5 Qc7 47. f5
exf5 48. gxf5 1-0

[Event "20th European Teams Women"]
[Site "Reykjavik ISL"]
[Date "2015.11.22"]
[Round "9.6"]
[Board "3"]
[White "Tsolakidou, Stavroula"]
[Black "Hernandez Estevez, Yudania"]
[Result "1-0"]
[WhiteTitle "WIM"]
[BlackTitle "WIM"]
[WhiteElo "2268"]
[BlackElo "2207"]
[WhiteTeam "Greece"]
[BlackTeam "Spain"]
[WhiteFideId "4264312"]
[BlackFideId "2219344"]
[EventDate "2015.11.13"]

1. d4 d5 2. c4 c6 3. cxd5 cxd5 4. Bf4 Nc6 5. e3 Qb6 6. Nc3 e6 7. Bd3 a6 8. Qe2
Nf6 9. h3 Bd7 10. Rc1 Rc8 11. Nf3 Be7 12. O-O O-O 13. a3 Qd8 14. Rfd1 Na5 15.
Ne5 b5 16. Bg5 Nc4 17. Bb1 a5 18. a4 bxa4 19. Qc2 g6 20. Bh6 Re8 21. Nxd7 Qxd7
22. Nxa4 Nxb2 23. Qxb2 Qxa4 24. Qe2 Ba3 25. Rxc8 Rxc8 26. Rf1 Bf8 27. Bg5 Ne4
28. Bxe4 dxe4 29. Qa6 Rb8 30. Bf4 Qb5 31. Qa7 Rc8 32. Ra1 Bb4 33. Be5 Qc6 34.
Rxa5 Bxa5 35. Qxa5 h5 36. Bf6 Qd5 37. Qa7 Qd6 38. Be5 Qd8 39. Qb7 Rc1+ 40. Kh2
f6 41. Bg3 g5 42. h4 Qd5 43. Qb8+ Kf7 44. Qh8 gxh4 45. Qh7+ Ke8 46. Bxh4 Qf5 47.
Qg8+ Kd7 48. Qf7+ Kc8 49. Bxf6 Rc7 50. Qe8+ Kb7 51. Be5 Rf7 52. Qb5+ Ka7 53.
Qb8+ Ka6 54. Bc7 Rxc7 55. Qxc7 Qxf2 56. Qc6+ Ka5 57. Qxe4 Qf7 58. Kh3 Kb6 59.
Kh4 Qe8 60. Kg5 Qf7 61. Qg6 Qd7 62. Kxh5 Qd6 63. Kg4 Qd5 64. Kf4 Qa2 65. Qe4 Kc7
66. Qf3 Kd6 67. Kg3 Qd2 68. Kh3 Qd3 69. g4 Qb1 70. g5 Qh7+ 71. Kg3 Qb1 72. Qf4+
Kd7 73. Qf3 Kd6 74. Qf8+ Kd7 75. Qg7+ Kd6 76. Qe5+ Kd7 77. Qf4 Qd1 78. Kh4 Qh1+
79. Kg4 Qb1 80. Qf7+ Kd6 81. Qf8+ Kd7 82. Qg7+ Kd6 83. Kh5 Qh1+ 84. Kg6 Qb1+ 85.
Kf7 Qf5+ 86. Qf6 Qh7+ 87. Kf8 Qh4 1-0

[Event "20th European Teams Women"]
[Site "Reykjavik ISL"]
[Date "2015.11.22"]
[Round "9.6"]
[Board "4"]
[White "Calzetta Ruiz, Monica"]
[Black "Kouvatsou, Maria"]
[Result "1/2-1/2"]
[WhiteTitle "WGM"]
[BlackTitle "WGM"]
[WhiteElo "2252"]
[BlackElo "2073"]
[WhiteTeam "Spain"]
[BlackTeam "Greece"]
[WhiteFideId "2204185"]
[BlackFideId "4203593"]
[EventDate "2015.11.13"]

1. e4 e5 2. Nf3 Nf6 3. Nxe5 d6 4. Nf3 Nxe4 5. d4 d5 6. Bd3 Bd6 7. O-O O-O 8. c4
c6 9. Nc3 Nxc3 10. bxc3 dxc4 11. Bxc4 Bg4 12. h3 Bh5 13. Re1 Nd7 14. Qd3 b5 15.
Bb3 Nc5 16. Qe3 Nxb3 17. axb3 f6 18. Ba3 Re8 19. Qd3 Rxe1+ 20. Nxe1 Bf7 21. Bxd6
Qxd6 22. b4 Re8 23. Nc2 Bc4 24. Qf3 Bd5 25. Qh5 g6 26. Qh6 Re7 27. Ne3 Be4 28.
Qh4 Kg7 29. Qg4 f5 30. Qd1 h5 31. f3 Qf4 32. Qe1 Kf6 33. fxe4 Rxe4 34. Ra6 Rxe3
35. Rxc6+ Kg5 36. Qd2 Qe4 37. Rc5 Qd3 38. Qxd3 Rxd3 39. Kf2 Kf4 40. Ke2 Rg3 41.
d5 Rxg2+ 42. Kd3 Ke5 43. Rxb5 f4 44. Ra5 Rg3+ 45. Kc4 f3 46. Rxa7 Rxh3 47. b5 f2
48. Rf7 Rh4+ 49. Kd3 Kxd5 50. Rxf2 Rh3+ 51. Kd2 Kc5 52. b6 Kxb6 53. Rf6+ Kc5 54.
Rxg6 Kd5 1/2-1/2

[Event "20th European Teams Women"]
[Site "Reykjavik ISL"]
[Date "2015.11.22"]
[Round "9.7"]
[Board "1"]
[White "Madl, Ildiko"]
[Black "Reizniece-Ozola, Dana"]
[Result "1/2-1/2"]
[WhiteTitle "IM"]
[BlackTitle "WGM"]
[WhiteElo "2343"]
[BlackElo "2209"]
[WhiteTeam "Hungary"]
[BlackTeam "Latvia"]
[WhiteFideId "700550"]
[BlackFideId "11601124"]
[EventDate "2015.11.13"]

1. e4 g6 2. d4 Bg7 3. Nc3 d6 4. Nf3 a6 5. a4 b6 6. Bc4 e6 7. O-O Ne7 8. Re1 O-O
9. Bf4 h6 10. h3 Bb7 11. Bf1 Nd7 12. Qd2 Kh7 13. Rad1 Nf6 14. Bh2 d5 15. exd5
exd5 16. Qf4 Rc8 17. Bd3 c5 18. Qd6 Nc6 19. dxc5 bxc5 20. Qxc5 Ne5 21. Qe3 Nxd3
22. Qxd3 Qb6 23. Ne2 Ne4 24. Ned4 Rfe8 25. Qb3 Qa7 26. c3 f5 27. a5 Nc5 28. Qc2
Ne4 29. Qb3 Nc5 30. Qc2 Ne4 31. Qb3 Nc5 1/2-1/2

[Event "20th European Teams Women"]
[Site "Reykjavik ISL"]
[Date "2015.11.22"]
[Round "9.7"]
[Board "2"]
[White "Rogule, Laura"]
[Black "Rudolf, Anna"]
[Result "1/2-1/2"]
[WhiteTitle "WGM"]
[BlackTitle "IM"]
[WhiteElo "2277"]
[BlackElo "2341"]
[WhiteTeam "Latvia"]
[BlackTeam "Hungary"]
[WhiteFideId "11601876"]
[BlackFideId "722855"]
[EventDate "2015.11.13"]

1. d4 d5 2. c4 e6 3. Nf3 Nf6 4. g3 Be7 5. Bg2 O-O 6. O-O dxc4 7. Qc2 a6 8. Qxc4
b5 9. Qc2 Bb7 10. Bd2 Be4 11. Qc1 c6 12. Be3 Nbd7 13. Nbd2 Bd5 14. Bg5 c5 15.
dxc5 Nxc5 16. Bxf6 gxf6 17. Rd1 Rc8 18. Qb1 f5 19. Ne1 Bxg2 20. Nxg2 Qd4 21. Nb3
Qe5 22. Nxc5 Rxc5 23. Nf4 Rc4 24. Rd2 Rd8 25. Rxd8+ Bxd8 26. Qd1 Bg5 27. Nd3 Qd5
28. a4 bxa4 29. b3 axb3 30. Qxb3 Qb5 31. Qxb5 axb5 32. Rb1 Rc2 33. Kf1 Bf6 34.
Rxb5 Kf8 35. Rb8+ Ke7 36. Rb7+ Ke8 37. h4 Bd4 38. Nf4 Be5 39. Nd3 Bd4 40. Rb4
Bf6 41. Rb7 Bd4 1/2-1/2

[Event "20th European Teams Women"]
[Site "Reykjavik ISL"]
[Date "2015.11.22"]
[Round "9.7"]
[Board "3"]
[White "Papp, Petra"]
[Black "Berzina, Ilze"]
[Result "1-0"]
[WhiteTitle "WGM"]
[BlackTitle "WGM"]
[WhiteElo "2303"]
[BlackElo "2207"]
[WhiteTeam "Hungary"]
[BlackTeam "Latvia"]
[WhiteFideId "739049"]
[BlackFideId "11601345"]
[EventDate "2015.11.13"]

1. e4 c6 2. d4 d5 3. Nd2 dxe4 4. Nxe4 Nd7 5. Ng5 Ngf6 6. Bd3 e6 7. N1f3 Bd6 8.
Qe2 h6 9. Ne4 Nxe4 10. Qxe4 Nf6 11. Qe2 Qc7 12. Bd2 b6 13. Ne5 Bb7 14. f4 O-O
15. g4 c5 16. Rg1 cxd4 17. g5 hxg5 18. Rxg5 Rfc8 19. O-O-O Ba6 20. Rdg1 Ne8 21.
Nxf7 Bxd3 22. Nh6+ Kf8 23. Qxd3 Be7 24. R5g2 a5 25. Ng4 Qc4 26. Qh7 Bb4 27. Ne5
Qxa2 28. Bxb4+ axb4 29. Rxg7 Rxc2+ 30. Qxc2 Nxg7 31. Rxg7 Qd5 32. Rg8+ 1-0

[Event "20th European Teams Women"]
[Site "Reykjavik ISL"]
[Date "2015.11.22"]
[Round "9.7"]
[Board "4"]
[White "Skinke, Katrina"]
[Black "Gara, Ticia"]
[Result "0-1"]
[WhiteTitle "WIM"]
[BlackTitle "WGM"]
[WhiteElo "2222"]
[BlackElo "2353"]
[WhiteTeam "Latvia"]
[BlackTeam "Hungary"]
[WhiteFideId "11602260"]
[BlackFideId "717444"]
[EventDate "2015.11.13"]

1. e4 c5 2. Nf3 Nc6 3. d4 cxd4 4. Nxd4 Nf6 5. Nc3 d6 6. Bg5 e6 7. Qd2 a6 8.
O-O-O Be7 9. f4 Bd7 10. Nf3 b5 11. Bxf6 gxf6 12. Kb1 Qb6 13. f5 O-O-O 14. fxe6
fxe6 15. g3 Kb8 16. Bh3 Bc8 17. Qe1 Rhe8 18. Ne2 Bf8 19. Nf4 Bg7 20. Rf1 Bh8 21.
Rf2 Na5 22. Re2 Nc4 23. c3 Re7 24. Nd4 Rde8 25. Qh1 Qb7 26. Nc2 Qc7 27. Nb4 Bb7
28. Qe1 Qb6 29. Nc2 Qc7 30. Qf2 f5 31. b3 Nb2 32. Kxb2 Qxc3+ 33. Kc1 Rc8 34. e5
Qa1+ 35. Kd2 Rxc2+ 36. Ke1 Rc1 37. Rd2 Bxe5 38. Ne2 Rxd1+ 39. Rxd1 Qxa2 40. Qb6
Rc7 41. Bg2 Qxb3 0-1

[Event "20th European Teams Women"]
[Site "Reykjavik ISL"]
[Date "2015.11.22"]
[Round "9.8"]
[Board "1"]
[White "Foisor, Cristina-Adela"]
[Black "Blagojevic, Tijana"]
[Result "1/2-1/2"]
[WhiteTitle "IM"]
[BlackTitle "WIM"]
[WhiteElo "2346"]
[BlackElo "2312"]
[WhiteTeam "Romania"]
[BlackTeam "Montenegro"]
[WhiteFideId "1200496"]
[BlackFideId "16500270"]
[EventDate "2015.11.13"]

1. Nf3 d5 2. c4 c6 3. e3 Nf6 4. Nc3 e6 5. b3 Bd6 6. Bb2 O-O 7. Qc2 e5 8. cxd5
cxd5 9. Nb5 Nc6 10. Nxd6 Qxd6 11. Rc1 Bg4 12. h3 Bh5 13. Qc5 Qe6 14. Be2 Rac8
15. Qa3 e4 16. Rxc6 Qxc6 17. Nd4 Qd7 18. g4 Bg6 19. g5 Nh5 20. Bg4 Qc7 21. Bxc8
Rxc8 22. Bc3 a6 23. Qb4 Qd7 24. Ne2 Rf8 25. Qd4 f6 26. Rg1 fxg5 27. Rxg5 Rf5 28.
h4 Qf7 29. Rxf5 Bxf5 30. Qe5 h6 31. Ng3 Bg4 32. Nxh5 Bxh5 33. Qg3 Kh7 34. Kf1
Bf3 35. Kg1 Bd1 36. Kh2 Bc2 37. Kg2 Bb1 38. a3 Bc2 39. b4 Bd1 40. Bd4 Bf3+ 41.
Kh2 Be2 42. a4 Bd1 43. a5 Be2 44. Be5 Bf3 45. Bd6 Be2 46. Bc5 Bf3 47. Bd4 Be2
48. Bc3 Bf3 49. Kg1 Qg6 50. Qxg6+ Kxg6 51. Kh2 Kf7 52. Kg3 g5 53. Bd4 Kg6 54.
Bc5 Kh5 55. Be7 Kg6 56. Bf8 Kh5 57. Be7 Kg6 58. Bd8 Kh5 59. Bf6 Kg6 60. Bc3 Kh5 1/2-1/2

[Event "20th European Teams Women"]
[Site "Reykjavik ISL"]
[Date "2015.11.22"]
[Round "9.8"]
[Board "2"]
[White "Milovic, Aleksandra"]
[Black "L'Ami, Alina"]
[Result "1-0"]
[WhiteTitle "WIM"]
[BlackTitle "IM"]
[WhiteElo "2202"]
[BlackElo "2364"]
[WhiteTeam "Montenegro"]
[BlackTeam "Romania"]
[WhiteFideId "933988"]
[BlackFideId "1210246"]
[EventDate "2015.11.13"]

1. d4 Nf6 2. Bg5 c5 3. dxc5 e6 4. Nd2 Bxc5 5. e3 d5 6. Bd3 Nc6 7. c3 e5 8. Ne2
O-O 9. O-O Bg4 10. h3 Bh5 11. Qb3 Qd7 12. Ng3 Bg6 13. Bxg6 hxg6 14. Bxf6 gxf6
15. Rad1 f5 16. e4 d4 17. Nf3 Qe6 18. exf5 gxf5 19. Rfe1 dxc3 20. bxc3 Qg6 21.
Kf1 e4 22. Nh4 Qg5 23. Nhxf5 Qf4 24. Ne3 Ne5 25. Qd5 Nd3 26. Rxd3 exd3 27. Qxc5
Rac8 28. Qd4 Qxd4 29. cxd4 Rc3 30. Rd1 Ra3 31. Rd2 b5 32. Ne4 f5 33. Nc5 f4 34.
Nd5 Rd8 35. Nxf4 Rxd4 36. Nfxd3 a5 37. f4 Rc3 38. Ke2 b4 39. g4 Rd5 40. Ne4 Rc6
41. g5 Rd4 42. Ke3 Rcc4 43. Ndc5 Rxd2 44. Kxd2 a4 45. Kd3 Rc1 46. Nxa4 Ra1 47.
h4 Rxa2 48. Nac5 Rh2 49. h5 Kg7 50. h6+ Kg6 51. Nd6 Rh3+ 52. Ke4 b3 53. Nxb3
Rxb3 54. f5+ Kh7 55. Ke5 Ra3 56. Ke6 Ra6 57. f6 Ra8 58. f7 Kg6 59. h7 Rh8 60.
Ne8 Rf8 61. Nf6 Kg7 62. Nd7 1-0

[Event "20th European Teams Women"]
[Site "Reykjavik ISL"]
[Date "2015.11.22"]
[Round "9.8"]
[Board "3"]
[White "Bulmaga, Irina"]
[Black "Stojanovic, Marija R"]
[Result "1-0"]
[WhiteTitle "IM"]
[BlackTitle "WIM"]
[WhiteElo "2391"]
[BlackElo "2153"]
[WhiteTeam "Romania"]
[BlackTeam "Montenegro"]
[WhiteFideId "13903063"]
[BlackFideId "931411"]
[EventDate "2015.11.13"]

1. e4 e6 2. d4 d5 3. Nc3 Nf6 4. Bg5 dxe4 5. Nxe4 Be7 6. Bxf6 gxf6 7. Nf3 f5 8.
Nc3 a6 9. Bd3 Qd6 10. Qe2 b5 11. O-O-O c6 12. Kb1 Nd7 13. Ne5 Nxe5 14. dxe5 Qb4
15. Qf3 Bd7 16. Ne2 O-O-O 17. c3 Qc5 18. Nd4 Kc7 19. Rhe1 h5 20. Nb3 Qb6 21. c4
c5 22. Qe2 b4 23. Bc2 Bc6 24. Rxd8 Bxd8 25. g3 h4 26. g4 f4 27. Be4 Ba4 28. Nc1
Bg5 29. Bc2 Bc6 30. Be4 Rd8 31. Nb3 Rd7 32. Nd2 Bh6 33. Nf3 Bg7 34. g5 Qb7 35.
Bxc6 Qxc6 36. Nxh4 a5 37. Nf3 Rd8 38. h4 Qd7 39. h5 Qd3+ 40. Qxd3 Rxd3 41. h6
Bh8 42. g6 fxg6 43. Ng5 1-0

[Event "20th European Teams Women"]
[Site "Reykjavik ISL"]
[Date "2015.11.22"]
[Round "9.8"]
[Board "4"]
[White "Krpovic, Natasa"]
[Black "Cosma, Elena-Luminita"]
[Result "0-1"]
[WhiteTitle "WFM"]
[BlackTitle "WGM"]
[WhiteElo "2098"]
[BlackElo "2303"]
[WhiteTeam "Montenegro"]
[BlackTeam "Romania"]
[WhiteFideId "910791"]
[BlackFideId "1201590"]
[EventDate "2015.11.13"]

1. e4 e6 2. g3 d5 3. Bg2 Nf6 4. exd5 exd5 5. Ne2 Bd6 6. d3 O-O 7. O-O c6 8. Nbc3
Nbd7 9. h3 Re8 10. Bf4 Ne5 11. d4 Ng6 12. Bxd6 Qxd6 13. Qd3 Bd7 14. Nd1 Re7 15.
Ne3 Rae8 16. c4 dxc4 17. Nxc4 Qc7 18. Nc3 Bc8 19. Ne3 Qb6 20. Na4 Qd8 21. Rad1
Be6 22. Nc5 Bd5 23. Nxd5 Nxd5 24. a3 Nf8 25. b4 Ne6 26. b5 Nxc5 27. dxc5 Rd7 28.
bxc6 bxc6 29. Qa6 Qc8 30. Qxc8 Rxc8 31. h4 Rdd8 32. Rfe1 Kf8 33. Rb1 Rc7 34. Rb3
Nf6 35. Reb1 g6 36. Rb7 Rxb7 37. Rxb7 Rd1+ 38. Kh2 Ng4+ 39. Kh3 Nxf2+ 40. Kh2
Ng4+ 41. Kh3 Ne5 42. h5 Rc1 43. Rxa7 Rxc5 44. hxg6 hxg6 45. a4 Nc4 46. Bf3 Kg7
47. Ra6 Ne5 48. Bh1 f5 49. a5 Rc2 50. Rb6 g5 51. a6 g4+ 52. Kh4 Nf7 0-1

[Event "20th European Teams Women"]
[Site "Reykjavik ISL"]
[Date "2015.11.22"]
[Round "9.9"]
[Board "1"]
[White "Unuk, Laura"]
[Black "Ptacnikova, Lenka"]
[Result "1-0"]
[WhiteTitle "WIM"]
[BlackTitle "WGM"]
[WhiteElo "2297"]
[BlackElo "2189"]
[WhiteTeam "Slovenia"]
[BlackTeam "Iceland"]
[WhiteFideId "14609215"]
[BlackFideId "305650"]
[EventDate "2015.11.13"]

1. d4 Nf6 2. c4 e6 3. Nf3 Bb4+ 4. Bd2 a5 5. Nc3 O-O 6. Qc2 d5 7. e3 Nbd7 8. Bd3
Re8 9. a3 Bf8 10. O-O h6 11. Rad1 c6 12. e4 dxe4 13. Nxe4 Nxe4 14. Bxe4 Nf6 15.
Bd3 Qc7 16. Bc3 Be7 17. Qe2 b6 18. Rfe1 Ba6 19. Ne5 Bf8 20. Bb1 b5 21. Qc2 g6
22. Qd2 bxc4 23. Bxa5 Qb7 24. Re3 Nd5 25. Rf3 Re7 26. Qc2 Rb8 27. Bd2 Qxb2 28.
Nxg6 fxg6 29. Qxg6+ Kh8 30. Rg3 Rg7 31. Qxh6+ Kg8 32. Qxe6+ 1-0

[Event "20th European Teams Women"]
[Site "Reykjavik ISL"]
[Date "2015.11.22"]
[Round "9.9"]
[Board "2"]
[White "Thorsteinsdottir, Gudlaug"]
[Black "Krivec, Jana"]
[Result "0-1"]
[WhiteTitle "WFM"]
[BlackTitle "WGM"]
[WhiteElo "2005"]
[BlackElo "2259"]
[WhiteTeam "Iceland"]
[BlackTeam "Slovenia"]
[WhiteFideId "2300753"]
[BlackFideId "14601982"]
[EventDate "2015.11.13"]

1. d4 f5 2. Bg5 h6 3. Bh4 g5 4. Bg3 Nf6 5. e3 d6 6. c4 Bg7 7. Nc3 O-O 8. Bd3 Nc6
9. f3 Nh5 10. Nge2 e5 11. d5 Ne7 12. Bf2 c6 13. Qb3 c5 14. O-O-O a6 15. Rdf1 Rb8
16. a4 Bd7 17. h4 g4 18. fxg4 fxg4 19. Ng3 Nxg3 20. Bxg3 Nf5 21. Bxf5 Bxf5 22.
e4 Bg6 23. Rxf8+ Bxf8 24. Qd1 h5 25. Be1 Bh6+ 26. Bd2 Bxd2+ 27. Kxd2 Qa5 28. Kd3
b5 29. axb5 axb5 30. cxb5 Qb4 31. Re1 Qxb2 32. Qd2 c4+ 33. Ke2 Qa3 34. Qh6 Bf7
35. Qg5+ Kf8 36. Qh6+ Ke7 37. Qc1 Qb3 38. Rf1 Rg8 39. Qa1 Qc2+ 40. Ke1 Kf8 41.
Qa3 Kg7 42. Rf2 Qd3 43. b6 Qe3+ 44. Kf1 Qxb6 45. Qc1 Qd8 46. g3 Bg6 47. Qe3 Qa5
48. Ra2 Rf8+ 49. Kg1 Qb4 50. Ra7+ Kg8 51. Kh1 Qb2 52. Ra2 Rf1+ 0-1

[Event "20th European Teams Women"]
[Site "Reykjavik ISL"]
[Date "2015.11.22"]
[Round "9.9"]
[Board "3"]
[White "Srebrnic, Ana"]
[Black "Hauksdottir, Hrund"]
[Result "1-0"]
[WhiteTitle "WGM"]
[WhiteElo "2238"]
[BlackElo "1775"]
[WhiteTeam "Slovenia"]
[BlackTeam "Iceland"]
[WhiteFideId "14603314"]
[BlackFideId "2302608"]
[EventDate "2015.11.13"]

1. d4 d5 2. Bf4 Nf6 3. e3 e6 4. c4 Bb4+ 5. Nc3 Nbd7 6. Qb3 Bxc3+ 7. bxc3 O-O 8.
Nf3 c5 9. cxd5 Nxd5 10. Bd6 Re8 11. Qa3 cxd4 12. cxd4 N7f6 13. Bd3 Bd7 14. O-O
Bc6 15. Ne5 Rc8 16. Rfc1 Ne7 17. Bc5 Bd5 18. Bb5 Nc6 19. Nxc6 Bxc6 20. Bxc6 Rxc6
21. Qxa7 e5 22. Qxb7 Rce6 23. dxe5 Rxe5 24. Bd4 Rf5 25. Qc7 Qd5 26. Qc6 Qd8 27.
Rc5 Rxc5 28. Qxc5 Ne4 29. Qc6 h6 30. Rc1 Qe7 31. a4 Rd8 32. a5 Rd6 33. Qc8+ Rd8
34. Qc2 Nf6 35. a6 Nd5 36. a7 Qb7 37. Qc6 1-0

[Event "20th European Teams Women"]
[Site "Reykjavik ISL"]
[Date "2015.11.22"]
[Round "9.9"]
[Board "4"]
[White "Magnusdottir, Veronika Steinunn"]
[Black "Kolaric, Spela"]
[Result "0-1"]
[BlackTitle "WFM"]
[WhiteElo "1753"]
[BlackElo "2102"]
[WhiteTeam "Iceland"]
[BlackTeam "Slovenia"]
[WhiteFideId "2309114"]
[BlackFideId "14607093"]
[EventDate "2015.11.13"]

1. e4 c5 2. Nf3 e6 3. d4 cxd4 4. Nxd4 a6 5. Bd3 Qc7 6. O-O Nf6 7. Qe2 d6 8. c4
Be7 9. Nc3 O-O 10. Nf3 Nc6 11. Bf4 Nd7 12. Rad1 Nde5 13. Bb1 Na5 14. Rc1 b6 15.
Nd2 Bb7 16. b4 Nac6 17. Nd5 exd5 18. cxd5 Qd7 19. dxc6 Nxc6 20. a3 b5 21. Rfd1
Rad8 22. Nb3 Qe6 23. Qd3 Ne5 24. Qg3 Rfe8 25. Nd4 Qg6 26. Rc7 Bxe4 27. Ba2 Qxg3
28. Bxg3 Rd7 29. Rxd7 Nxd7 30. f3 Bg6 31. Nc6 Bf6 32. Rxd6 Nf8 33. Nd4 Re3 0-1

[Event "20th European Teams Women"]
[Site "Reykjavik ISL"]
[Date "2015.11.22"]
[Round "9.10"]
[Board "1"]
[White "Mamedjarova, Zeinab"]
[Black "Houska, Jovanka"]
[Result "1/2-1/2"]
[WhiteTitle "WGM"]
[BlackTitle "IM"]
[WhiteElo "2235"]
[BlackElo "2391"]
[WhiteTeam "Azerbaijan"]
[BlackTeam "England"]
[WhiteFideId "13401521"]
[BlackFideId "405094"]
[EventDate "2015.11.13"]

1. d4 d5 2. e3 Nf6 3. f4 g6 4. Nf3 Bg7 5. Be2 b6 6. c3 O-O 7. O-O c5 8. Ne5 Ba6
9. Bxa6 Nxa6 10. Qe2 Nc7 11. Nd2 e6 12. b3 Nce8 13. Bb2 Nd6 14. Rfd1 cxd4 15.
cxd4 Nfe4 16. Nxe4 Nxe4 17. Rdc1 Bxe5 18. dxe5 Qd7 19. Rc2 Rfc8 20. Rac1 h5 21.
a4 a5 22. Bd4 Qb7 23. h3 Rxc2 24. Rxc2 Rc8 25. Rxc8+ Qxc8 26. Bxb6 Qc3 27. Kh2
Nd2 28. Qb5 Qc1 29. Bxa5 Nf1+ 30. Kg1 Nxe3+ 31. Kf2 Nd1+ 32. Ke2 Qc2+ 33. Ke1
Ne3 34. Bd8 Nxg2+ 35. Kf1 Ne3+ 36. Ke1 Kh7 37. Qe8 Ng2+ 38. Kf1 Ne3+ 39. Ke1
Ng2+ 40. Kf1 Ne3+ 41. Ke1 Ng2+ 1/2-1/2

[Event "20th European Teams Women"]
[Site "Reykjavik ISL"]
[Date "2015.11.22"]
[Round "9.10"]
[Board "2"]
[White "Ciuksyte, Dagne"]
[Black "Mammadova, Gulnar"]
[Result "0-1"]
[WhiteTitle "IM"]
[BlackTitle "WGM"]
[WhiteElo "2356"]
[BlackElo "2303"]
[WhiteTeam "England"]
[BlackTeam "Azerbaijan"]
[WhiteFideId "12800619"]
[BlackFideId "13403508"]
[EventDate "2015.11.13"]

1. e4 g6 2. d4 d6 3. Nc3 c6 4. a4 Bg7 5. Be3 Nf6 6. h3 O-O 7. Nf3 Nbd7 8. a5 Qc7
9. Qd2 e5 10. dxe5 Nxe5 11. Nxe5 dxe5 12. Bc4 Nh5 13. Ne2 Be6 14. Bxe6 fxe6 15.
O-O Nf4 16. Bc5 Rf7 17. Rfd1 Bf8 18. Nxf4 exf4 19. Bd6 Bxd6 20. Qxd6 e5 21. Ra3
Re8 22. a6 b6 23. b4 Qc8 24. Rc3 Qxa6 25. Qxc6 Ree7 26. Rcd3 Qb7 27. Rd8+ Kg7
28. Qd5 b5 29. Rd2 Qa6 30. Kh2 Qb6 31. Rd6 Qb7 32. Rc6 Qb8 33. Rc5 Qe8 34. Rd3
a6 35. Rdc3 Rd7 36. Qc6 Qe7 37. Qxa6 f3 38. Qxb5 fxg2 39. Kxg2 Rd2 40. Rxe5 Qh4 0-1

[Event "20th European Teams Women"]
[Site "Reykjavik ISL"]
[Date "2015.11.22"]
[Round "9.10"]
[Board "3"]
[White "Kazimova, Narmin"]
[Black "Sarakauskiene, Zivile"]
[Result "1-0"]
[WhiteTitle "WGM"]
[BlackTitle "WIM"]
[WhiteElo "2323"]
[BlackElo "2145"]
[WhiteTeam "Azerbaijan"]
[BlackTeam "England"]
[WhiteFideId "13402951"]
[BlackFideId "12800864"]
[EventDate "2015.11.13"]

1. Nf3 Nf6 2. d4 e6 3. c4 Bb4+ 4. Nbd2 Ne4 5. a3 Bxd2+ 6. Nxd2 Nxd2 7. Bxd2 O-O
8. g3 d6 9. Bg2 Nd7 10. O-O Rb8 11. Qc2 b6 12. b4 c5 13. Bc3 cxd4 14. Bxd4 Qc7
15. Rac1 Bb7 16. Bxb7 Qxb7 17. Rfd1 Rfd8 18. Bb2 Nf8 19. Qc3 f6 20. Qe3 Rd7 21.
Qf4 Rbd8 22. e4 b5 23. c5 dxc5 24. Rxd7 Qxd7 25. bxc5 e5 26. Qe3 Qc6 27. f4 exf4
28. gxf4 Re8 29. Qb3+ Kh8 30. Qd5 Qc7 31. e5 Rd8 32. Qg2 fxe5 33. Bxe5 Qf7 34.
c6 Ne6 35. c7 Rc8 36. Qb7 Qd7 37. Kh1 h6 38. Rg1 Rg8 39. Rc1 Rc8 40. Kg1 a5 41.
Qc6 Qf7 42. Rd1 Qh5 43. Rd7 Qg4+ 44. Qg2 1-0

[Event "20th European Teams Women"]
[Site "Reykjavik ISL"]
[Date "2015.11.22"]
[Round "9.10"]
[Board "4"]
[White "Bhatia, Kanwal K"]
[Black "Fataliyeva, Ulviyya"]
[Result "0-1"]
[WhiteTitle "WFM"]
[BlackTitle "WIM"]
[WhiteElo "2072"]
[BlackElo "2294"]
[WhiteTeam "England"]
[BlackTeam "Azerbaijan"]
[WhiteFideId "407496"]
[BlackFideId "13403052"]
[EventDate "2015.11.13"]

1. e4 e6 2. d4 d5 3. Nd2 a6 4. Ngf3 Nf6 5. e5 Nfd7 6. Bd3 c5 7. c3 Nc6 8. O-O
Be7 9. Re1 cxd4 10. cxd4 h6 11. a3 Qb6 12. Nb3 a5 13. a4 Qd8 14. Nbd2 Nb4 15.
Bb1 b6 16. Nf1 Ba6 17. Ng3 h5 18. h3 Rc8 19. Ra3 Nb8 20. Rc3 N8c6 21. Nh2 g6 22.
Kh1 Kd7 23. f4 Kc7 24. Nf3 Kb7 25. Ng5 Qg8 26. Nf1 Re8 27. Ne3 Rc8 28. Nc2 Nxc2
29. Rxc2 Bc4 30. Re3 h4 31. Rxc4 dxc4 32. Be4 Bxg5 33. fxg5 Ka7 34. Rc3 Nb4 35.
Qf3 Rc7 36. b3 Na2 37. Rc2 Nxc1 38. Rxc1 c3 39. Rxc3 Rxc3 40. Qxc3 Qc8 41. Qf3
Qc7 42. Qf4 Rd8 43. Bf3 Rd7 44. Qxh4 Qc1+ 45. Kh2 Rd8 46. Qe4 Rb8 47. h4 Qc7 48.
g4 Qc8 49. Kg3 b5 50. d5 Qc5 51. dxe6 fxe6 52. axb5 Qxb5 53. Qd4+ Rb6 54. Qe4
Rb8 55. Qf4 Qxb3 56. Qf7+ Kb6 57. Qxg6 a4 58. Qe4 a3 59. Qc6+ Ka5 60. Qc5+ Rb5
61. Qa7+ Kb4 62. Qd4+ Qc4 63. Qd6+ Qc5 64. Qd2+ Qc3 65. Qd6+ Ka5 66. Qd8+ Ka4
67. Qd1+ Kb4 68. Qd6+ Kb3 69. Qd1+ Ka2 70. g6 Qxe5+ 71. Kh3 Rb2 72. Bg2 Rb3+ 73.
Bf3 Qf4 74. Qe2+ Ka1 75. Qe1+ Rb1 76. Qc3+ Ka2 77. Qc6 Rb3 78. Kg2 Rb2+ 79. Kf1
Qe3 80. Qc4+ Ka1 81. Be2 Rb1+ 0-1